LEADER 00950nam a2200241 i 4500 001 000000233837 003 CaOOAMICUS 005 20140926000000.0 008 140926s1905 it u000 u ita u 013 $a212740 040 $aSeMil$bita 100 1 $aMagrini, Effren.$0(OLS)http://semarc/name/71689 245 13$aLe abitazioni popolari :$b(case operaie) /$cdell'ing. Effren Magrini. 260 $aMilano :$bUlrico Hoepli,$c1905. 300 $aXVI, 309 p. :$bill. ;$c16 cm. 490 0 $aManuali Hoepli 650 4$aEdilizia - Case popolari.$0(OLS)http://semarc/subject/41666 830 0$aManuali Hoepli.$0(OLS)http://semarc/title/7639 850 $aSeMil 852 $aSeMil$W1$xVenegono$y1$m2ZA IV 1 FA$j184183$B184183$CSeMilBibl$Z2$F195032 $8I 961 $aRecupero: Altro 996 $6245$aLe abitazioni popolari :$b(case operaie)$9(OLS)http://semarc/title/333765 996 $6260$aMilano :$bUlrico Hoepli$9(OLS)http://semarc/publisher/29765 LEADER 00973nam a2200229 i 4500 001 000000069602 003 CaOOAMICUS 005 20080429000000.0 008 080429s1963 fr u000 u fre u 013 $a40774 040 $aSeMil$bita 100 1 $aJaspers, Karl,$d<1883-1969>.$0(OLS)http://semarc/name/9270 240 10$aPhilosophische Autobiographie.$0(OLS)http://semarc/title/111470 245 10$aAutobiographie Philosophique /$cKarl Jaspers ; traduit de l'allemand par Pierre Boudot. 260 $aParis :$bAubier,$ccopyr. 1963. 300 $a217 p. ;$c18 cm. 650 4$aJaspers, Karl <1883-1969> - Autobiografia.$0(OLS)http://semarc/subject/13802 700 1 $aBoudot, Pierre.$0(OLS)http://semarc/name/34701 850 $aSeMil 852 $aSeMil$W1$xVenegono$y1$m2P I 202$j35755$B35755$CSeMilBibl$Z2$F35758 $81 996 $6245$aAutobiographie Philosophique$9(OLS)http://semarc/title/111469 996 $6260$aParis :$bAubier$9(OLS)http://semarc/publisher/30108